| 000 | 01226nam0a22003011 4500 | ||
|---|---|---|---|
| 001 | RU\INFOCOMM_322\NLR\5000218338 | ||
| 005 | 20250613112011.0 | ||
| 035 | _a(NLR Aleph) 009601076 | ||
| 090 |
_a9311211 _c9311211 |
||
| 100 | _a20130309d1985 |||y0rusy50 ca | ||
| 101 | 0 | _aeng | |
| 102 | _aRU | ||
| 105 | _ay z ||||| | ||
| 200 | 1 |
_aQuantum fluctuations and spontaneous compactification of eleven-dimensional gravity _fNguyen Van Hieu |
|
| 210 |
_aДубна _cОбъед. ин-т ядер. исслед. _d1985 |
||
| 215 |
_a22 с. _d21 см |
||
| 225 | 1 |
_aСообщения Объединенного института ядерных исследований, Дубна _vЕ2-85-134 |
|
| 300 | _aНа 3-й с. обл.: Квантовые флуктуации и спонтанная компактификация 11-мерной гравитации / Нгуен Ван Хьеу | ||
| 300 | _aРез. на рус. яз. | ||
| 320 | _aБиблиогр.: с. 22 | ||
| 606 | 0 |
_aГравитация _xТеория _2nlr_sh1 |
|
| 686 |
_aВ313.3 _2rubbk |
||
| 700 | 0 | _aNguyen Van Hieu | |
| 801 | 1 |
_aRU _bInfocomm _c20130309 |
|
| 801 | 0 |
_aRU _bINFOCOMM _gPSBO |
|
| 852 |
_aNLR _jФз01 Д-4/2872 |
||
| 942 | _cBOOK | ||
| 980 | _aNB | ||